সাহিত্য সংস্কৃতি জাতীয়তা / (Record no. 2108)
[ view plain ]
| 000 -LEADER | |
|---|---|
| fixed length control field | 00775nam a22002177a 4500 |
| 001 - CONTROL NUMBER | |
| JCCL Control Number | 2108 |
| 003 - CONTROL NUMBER IDENTIFIER | |
| JCCL marc code | BD-JhCC |
| 005 - DATE AND TIME OF LATEST TRANSACTION | |
| control field | 20171113192631.0 |
| 008 - FIXED-LENGTH DATA ELEMENTS--GENERAL INFORMATION | |
| fixed length control field | 171029s1374 bg |||| |||| 000 0 b d |
| 035 ## - SYSTEM CONTROL NUMBER | |
| system control number | (BD-JhCC)2108 |
| 040 ## - CATALOGING SOURCE | |
| Original cataloging agency | BD-JhCC |
| Modifying agency | BD-JhCC |
| 041 ## - LANGUAGE CODE | |
| Language code of Book | ben |
| 082 ## - DEWEY DECIMAL CLASSIFICATION NUMBER | |
| Classification number | 891.4409 |
| Author mark and Year | MAH 1374 |
| 100 ## - MAIN ENTRY--PERSONAL NAME | |
| Personal name | মাহফুজ উল্লাহ্, মোহাম্মদ |
| 245 ## - TITLE STATEMENT | |
| Title | সাহিত্য সংস্কৃতি জাতীয়তা / |
| Statement of responsibility, etc | মোহাম্মদ মাহফুজ উল্লাহ্ |
| 260 ## - PUBLICATION, DISTRIBUTION, ETC. (IMPRINT) | |
| Place of publication, distribution, etc | ঢাকা : |
| Name of publisher, distributor, etc | আহমদ পাবলিশিং হাউস , |
| Date of publication, distribution, etc | ১৩৭৪. |
| 300 ## - PHYSICAL DESCRIPTION | |
| Pagination | ২৭২ পৃ. : |
| Dimensions | ২২ সেমি. |
| 650 ## - SUBJECT ADDED ENTRY--TOPICAL TERM | |
| Topical term or geographic name as entry element | Bengali Literature |
| 942 ## - ADDED ENTRY ELEMENTS (KOHA) | |
| Source of classification or shelving scheme | Dewey Decimal Classification |
| Koha item type | Books |
| Source of classification or shelving scheme | Damaged status | Not for loan | Home library | Current library | Shelving location | Cost, normal purchase price | Total Checkouts | Full call number | Barcode | Date last seen | Copy number | Koha item type | Date of accession |
|---|---|---|---|---|---|---|---|---|---|---|---|---|---|
| Dewey Decimal Classification | JCC Rouf Library | JCC Rouf Library | General Stacks | 6.00 | 891.4409 MAH 1374 | 3443 | 10/29/2017 | C-1 | Books | ||||
| Dewey Decimal Classification | JCC Rouf Library | JCC Rouf Library | General Stacks | 6.00 | 891.4409 MAH 1374 | 3949 | 11/13/2017 | C-2 | Books | 11/13/2017 |